Länder, die mehr Fläche, aber weniger Einwohner als Kolumbien haben - Statistiken

Allgemein
  • Dieses Quiz wurde 267 mal gespielt
  • Das Durchschnittsergebnis liegt bei 10 aus 14
Antwortstatistiken
Fläche in km² Einwohner (Stand 2020) Land % Korrekt
9.984.670 37.742.154 Kanada
88%
7.741.220 25.499.884 Australien
87%
1.564.116 3.278.290 Mongolei
87%
2.724.900 18.776.707 Kasachstan
85%
2.381.741 43.851.044 Algerien
80%
2.780.400 45.195.774 Argentinien
74%
1.759.540 6.871.292 Libyen
71%
1.886.068 43.849.260 Sudan
71%
1.240.192 20.250.833 Mali
68%
1.285.216 32.971.854 Peru
66%
2.149.690 34.813.871 Saudi-Arabien
66%
1.284.000 16.425.864 Tschad
65%
1.267.000 24.206.644 Niger
62%
1.246.700 32.866.272 Angola
51%
Keine übereinstimmenden Quizze gefunden
Verteilung der Resultate
Anzahl Personen mit jedem Resultat
Perzentil nach korrekt beantworteten Fragen
Ihre Resultats-Entwicklung
Sie haben dieses Quiz noch nicht gespielt